[Event "World Blitz 2025"]
[Site "Doha QAT"]
[Date "2025.12.29"]
[Round "11.104"]
[White "Materia, Marco"]
[Black "Bai, Adelard"]
[Result "1-0"]
[WhiteTitle "IM"]
[BlackTitle "IM"]
[WhiteElo "2497"]
[BlackElo "2417"]
[WhiteFideId "45150451"]
[BlackFideId "16301188"]
[EventDate "2025.12.29"]

1. d4 Nf6 2. c4 e6 3. Nf3 Bb4+ 4. Bd2 Qe7 5. g3 Nc6 6. Nc3 Bxc3 7. Bxc3 Ne4 8.
Rc1 O-O 9. Bg2 d6 10. d5 Nd8 11. O-O f5 12. b4 a5 13. a3 e5 14. Bb2 Nf7 15. Ne1
Nf6 16. Qb3 f4 17. c5 Ng5 18. Nd3 Bh3 19. cxd6 cxd6 20. Bxh3 Nxh3+ 21. Kg2 Ng5
22. f3 Nh5 23. g4 Nf6 24. Nf2 h5 25. h4 Nf7 26. g5 Nd7 27. Rc7 Nh8 28. Ne4 Ng6
29. Rh1 Qd8 30. Rxb7 Rb8 31. Rxb8 Qxb8 32. Bc3 Ne7 33. Be1 Qb5 34. Qd3 Qxd3 35.
exd3 axb4 36. Bxb4 Nxd5 37. Nxd6 Rb8 38. Rb1 Nc5 39. Nc4 Nxd3 40. Rd1 N5xb4 41.
axb4 Rxb4 42. Nd6 Rb2+ 43. Kg1 Nf2 44. Rd5 Nh3+ 45. Kh1 Nf2+ 46. Kg1 Nh3+ 47.
Kh1 Re2 48. g6 Nf2+ 49. Kg1 Nh3+ 50. Kf1 Rf2+ 51. Ke1 Kf8 52. Nf5 Ke8 53. Nxg7+
Ke7 54. Nxh5 Rg2 55. g7 Ng1 56. Rxe5+ Kd6 57. Re8 Nxf3+ 58. Kd1 Rg1+ 59. Kc2
Nd4+ 60. Kc3 f3 61. g8=Q Rxg8 62. Rxg8 f2 63. Rf8 Nb5+ 64. Kd3 Ke5 65. Rxf2 Nd6
66. Ng3 1-0

[Event "World Blitz 2025"]
[Site "Doha QAT"]
[Date "2025.12.29"]
[Round "11.105"]
[White "Altini, Nicola"]
[Black "Dudin, Gleb"]
[Result "1-0"]
[WhiteTitle "IM"]
[BlackTitle "GM"]
[WhiteElo "2360"]
[BlackElo "2585"]
[WhiteFideId "833924"]
[BlackFideId "34184934"]
[EventDate "2025.12.29"]

1. d4 Nf6 2. c4 e6 3. Nc3 Bb4 4. e3 O-O 5. Bd2 b6 6. Nf3 Bb7 7. Bd3 d5 8. cxd5
exd5 9. Rc1 Be7 10. O-O c5 11. Ne5 a6 12. f4 c4 13. Bb1 b5 14. a3 Nbd7 15. Qf3
Re8 16. g4 Nf8 17. g5 N6d7 18. h4 f6 19. Ng4 Nb6 20. Rf2 Qd7 21. gxf6 Bxf6 22.
Nxf6+ gxf6 23. Rg2+ Kh8 24. Qh5 Re7 25. Bf5 Qe8 26. Qh6 Qf7 27. Kh2 Bc8 28. Bc2
Bd7 29. Rcg1 Rae8 30. Qxf6+ 1-0

[Event "World Blitz 2025"]
[Site "Doha QAT"]
[Date "2025.12.29"]
[Round "11.106"]
[White "Aziz, Husain"]
[Black "Chasin, Nico"]
[Result "0-1"]
[WhiteTitle "IM"]
[BlackTitle "IM"]
[WhiteElo "2256"]
[BlackElo "2517"]
[WhiteFideId "12100293"]
[BlackFideId "30908477"]
[EventDate "2025.12.29"]

1. d4 Nf6 2. Nf3 g6 3. Nc3 d5 4. Bf4 Bg7 5. Nb5 Na6 6. e3 O-O 7. h3 c6 8. Nc3
Nc7 9. Bd3 Nce8 10. O-O Nd6 11. a4 a5 12. Ne2 Nfe4 13. b3 b5 14. Ne5 Bb7 15. f3
Nf6 16. c4 dxc4 17. bxc4 b4 18. e4 Nd7 19. Nxd7 Qxd7 20. c5 Ne8 21. Bc4 Nc7 22.
Qb3 Ne6 23. Bxe6 fxe6 24. Rfd1 Ba6 25. Be3 Bxe2 26. Rd2 Ba6 27. Rad1 Kh8 28. Kh1
Rad8 29. e5 Qd5 30. Qb2 Bc4 31. Rf2 Bxe5 0-1

[Event "World Blitz 2025"]
[Site "Doha QAT"]
[Date "2025.12.29"]
[Round "11.107"]
[White "Samadov, Read"]
[Black "Suleymenov, Alisher"]
[Result "0-1"]
[WhiteTitle "IM"]
[BlackTitle "GM"]
[WhiteElo "2510"]
[BlackElo "2505"]
[WhiteFideId "13417444"]
[BlackFideId "13707833"]
[EventDate "2025.12.29"]

1. d4 Nf6 2. c4 g6 3. Nc3 d5 4. cxd5 Nxd5 5. e4 Nxc3 6. bxc3 Bg7 7. Bc4 c5 8.
Ne2 O-O 9. O-O Nc6 10. Be3 e6 11. Rc1 b6 12. Qd2 Bb7 13. Rfd1 cxd4 14. cxd4 Rc8
15. Bh6 Qd6 16. Bxg7 Kxg7 17. h4 h5 18. Ng3 Qe7 19. Qf4 e5 20. dxe5 Nxe5 21. Bb3
Rxc1 22. Rxc1 Rd8 23. Rc3 Rd7 24. Nf1 Ng4 25. f3 Ne5 26. Kh2 b5 27. Ne3 Nd3 28.
Qg3 Qf6 29. Rc2 a5 30. Rd2 Nc5 31. Bd5 b4 32. Rc2 Nd3 33. Bxb7 Rxb7 34. Rc8 Qf4
35. Nd5 Qxg3+ 36. Kxg3 a4 37. Ra8 b3 38. axb3 axb3 39. Ra1 b2 40. Rb1 Rb3 41.
Nf4 Nc5 42. Kf2 Na4 43. Ne2 Ra3 0-1

[Event "World Blitz 2025"]
[Site "Doha QAT"]
[Date "2025.12.29"]
[Round "11.108"]
[White "Raja, Harshit"]
[Black "Nainys, Zanas"]
[Result "1-0"]
[WhiteTitle "GM"]
[WhiteElo "2472"]
[BlackElo "2307"]
[WhiteFideId "5089000"]
[BlackFideId "12844098"]
[EventDate "2025.12.29"]

1. e4 e6 2. d4 d5 3. Nd2 c5 4. exd5 Qxd5 5. Ngf3 cxd4 6. Bc4 Qd7 7. O-O a6 8.
Qe2 Nc6 9. Rd1 Nf6 10. a4 Bc5 11. Nb3 Ba7 12. Bf4 O-O 13. Ne5 Nxe5 14. Bxe5 Qe7
15. Nxd4 Bb8 16. Ra3 Qc5 17. Bxb8 Rxb8 18. Rc3 Qa5 19. Rg3 e5 20. Rg5 Qxa4 21.
Qxe5 h6 22. b3 Qe8 23. Rxg7+ Kxg7 24. Qxb8 Bg4 25. Qg3 Kh8 26. Qf4 Kg7 27. f3
Bc8 28. Qg3+ Kh8 29. Re1 Qd8 30. Qh4 Kg7 31. Qg3+ Kh8 32. c3 Re8 33. Bxf7 Rxe1+
34. Qxe1 Qc7 35. Bc4 Qd6 36. Qg3 Qxg3 37. hxg3 Kg7 38. Be6 Bxe6 39. Nxe6+ Kg6
40. Nc5 Nd5 41. c4 Nc7 42. Nxb7 Kf5 43. Kf2 Ne6 44. g4+ Ke5 45. Ke3 1-0

[Event "World Blitz 2025"]
[Site "Doha QAT"]
[Date "2025.12.29"]
[Round "11.77"]
[White "Damaj, Mohammed"]
[Black "Sankalp, Gupta"]
[Result "0-1"]
[WhiteTitle "CM"]
[BlackTitle "GM"]
[WhiteElo "2119"]
[BlackElo "2557"]
[WhiteFideId "11501731"]
[BlackFideId "5097010"]
[EventDate "2025.12.29"]

1. d4 Nf6 2. Nc3 e6 3. a3 d5 4. Bf4 a6 5. e3 c5 6. g4 Nc6 7. g5 Ng8 8. Rb1 cxd4
9. exd4 Bd6 10. Bxd6 Qxd6 11. h4 Nge7 12. Nge2 Nf5 13. Bg2 O-O 14. h5 Bd7 15.
Qd3 b5 16. Nd1 b4 17. axb4 Nxb4 18. Qd2 Rfe8 19. c3 Nc6 20. Ne3 Na5 21. Nxf5
exf5 22. Kf1 Bb5 23. Bf3 Nb3 24. Qc2 Qf4 25. Rh3 Nd2+ 26. Kg2 Bxe2 27. Bxe2 Rxe2
28. Rf1 Qg4+ 29. Rg3 Qxg3+ 0-1

[Event "World Blitz 2025"]
[Site "Doha QAT"]
[Date "2025.12.29"]
[Round "11.78"]
[White "Krallis, Christos"]
[Black "Chekh Adm Khedr, Aram"]
[Result "1-0"]
[WhiteTitle "IM"]
[BlackTitle "FM"]
[WhiteElo "2416"]
[BlackElo "2139"]
[WhiteFideId "4298896"]
[BlackFideId "7601948"]
[EventDate "2025.12.29"]

1. e4 c5 2. Nf3 d6 3. d4 cxd4 4. Nxd4 Nf6 5. Nc3 Nc6 6. Bc4 Qb6 7. Nb3 e6 8. Bf4
Ne5 9. Be2 a6 10. g4 h6 11. Be3 Qc7 12. f4 Nc4 13. Bxc4 Qxc4 14. Qf3 d5 15. e5
Ne4 16. Nxe4 dxe4 17. Qf2 Bd7 18. O-O-O Rc8 19. Rd4 Qc7 20. Rhd1 Bc6 21. Rc4 b5
22. Bb6 bxc4 23. Bxc7 cxb3 24. Qb6 Bd7 25. axb3 Be7 26. Qb7 Bd8 27. Rxd7 Kxd7
28. Bxd8+ Kxd8 29. Qxf7 Re8 30. f5 Rc7 31. Qg6 e3 32. f6 gxf6 33. Qxh6 fxe5 34.
Qxe3 Rg8 35. g5 Rf8 36. Kb1 Rd7 37. h4 Rd5 38. b4 a5 39. Qb6+ Ke7 40. Qc7+ Rd7
41. Qc5+ Kf7 42. bxa5 Ra8 43. h5 Rda7 44. b4 Rb7 45. c3 Rd8 46. Kb2 e4 47. Qe3
Rbd7 48. Qxe4 Rd2+ 49. Kb3 R8d5 50. Qh7+ Ke8 51. g6 Rg2 52. Qf7+ Kd8 53. g7 Rdg5
54. h6 1-0

[Event "World Blitz 2025"]
[Site "Doha QAT"]
[Date "2025.12.29"]
[Round "11.79"]
[White "Kuandykuly, Danis"]
[Black "Murshed, Niaz"]
[Result "1-0"]
[WhiteTitle "FM"]
[BlackTitle "GM"]
[WhiteElo "2372"]
[BlackElo "2341"]
[WhiteFideId "13752260"]
[BlackFideId "10200010"]
[EventDate "2025.12.29"]

1. e4 e5 2. Bc4 Nf6 3. d3 Bc5 4. Nc3 d6 5. Nf3 a6 6. a4 h6 7. O-O O-O 8. Be3 Nc6
9. h3 Nd4 10. Bxd4 Bxd4 11. Nxd4 exd4 12. Ne2 c5 13. c3 dxc3 14. Nxc3 Be6 15.
Bxe6 fxe6 16. d4 Kh8 17. dxc5 dxc5 18. Qb3 Qe7 19. e5 Nh5 20. Ne4 Nf4 21. Qe3
Rac8 22. Rac1 b6 23. a5 Nd5 24. Qa3 bxa5 25. Qxa5 Rb8 26. Qxa6 Qh4 27. Nxc5 Nf4
28. Qc4 Rb4 29. Qc2 Qg5 30. g3 Nxh3+ 31. Kh2 Nf4 32. Qd1 Qf5 33. Qf3 1-0

[Event "World Blitz 2025"]
[Site "Doha QAT"]
[Date "2025.12.29"]
[Round "11.80"]
[White "Amin, Bassem"]
[Black "Nikitenko, Mihail"]
[Result "1-0"]
[WhiteTitle "GM"]
[BlackTitle "GM"]
[WhiteElo "2626"]
[BlackElo "2476"]
[WhiteFideId "10601457"]
[BlackFideId "13506862"]
[EventDate "2025.12.29"]

1. Nf3 c5 2. g3 g6 3. Bg2 Bg7 4. O-O Nc6 5. e4 e5 6. d3 Nge7 7. a3 d6 8. c3 O-O
9. b4 b6 10. Nbd2 h6 11. Nc4 Be6 12. b5 Nb8 13. a4 a5 14. Bb2 Qc7 15. Ne3 Nd7
16. Nd2 Rad8 17. c4 f5 18. exf5 gxf5 19. Nd5 Nxd5 20. cxd5 Bf7 21. f4 Nf6 22.
fxe5 dxe5 23. Rxf5 Nxd5 24. Qe2 Rde8 25. Raf1 Nb4 26. Be4 Be6 27. Rxf8+ Rxf8 28.
Rxf8+ Kxf8 29. Nc4 Bxc4 30. dxc4 Qd6 31. Bc3 Bf6 32. h4 Bg7 33. Kg2 Ke7 34. Qg4
Qf6 35. Qc8 Na2 36. Qc7+ Kf8 37. Bd2 Nb4 38. Be3 Qe6 39. Qd8+ Kf7 40. h5 Qf6 41.
Bg6+ Ke6 42. Qxb6+ Kd7 43. Qb7+ Kd6 44. Qc8 1-0

[Event "World Blitz 2025"]
[Site "Doha QAT"]
[Date "2025.12.29"]
[Round "11.81"]
[White "Petrov, Nikita"]
[Black "Abdilkhair, Abilmansur"]
[Result "1-0"]
[WhiteTitle "GM"]
[BlackTitle "IM"]
[WhiteElo "2578"]
[BlackElo "2378"]
[WhiteFideId "4101286"]
[BlackFideId "13716417"]
[EventDate "2025.12.29"]

1. d4 Nf6 2. Bg5 Ne4 3. Bf4 c5 4. f3 Nf6 5. dxc5 Na6 6. e4 Nxc5 7. e5 Ne6 8. Bd2
Nd5 9. c4 Ndc7 10. f4 g6 11. Nf3 b6 12. Nc3 Bb7 13. Bd3 d6 14. Qa4+ b5 15. Nxb5
Bc6 16. Be4 d5 17. Nd6+ Qxd6 18. exd6 Bxa4 19. cxd5 Nc5 20. Bc3 Nxe4 21. Bxh8
Nxd6 22. Be5 Rd8 23. b3 Bb5 24. a4 Ba6 25. O-O-O f6 26. Bb2 Bb7 27. Rhe1 Bxd5
28. Rd3 Nb7 29. Ba3 Ne6 30. Rxd5 Rxd5 31. Rxe6 Rd3 32. Kc2 Rd7 33. Ra6 Rc7+ 34.
Kd3 Nd8 35. Nd4 Rd7 36. Ke4 f5+ 37. Ke3 e5 38. Nb5 exf4+ 39. Kxf4 Bxa3 40. Nxa3
Rd3 41. Nb5 Rxb3 42. Rxa7 Ne6+ 43. Ke5 Nc5 44. Nd6+ Kd8 45. a5 Nd7+ 46. Ke6 Re3+
47. Kd5 Re5+ 48. Kd4 Re1 49. Nf7+ Ke7 50. Ne5 Rd1+ 51. Kc3 Ke6 52. Nxd7 Rxd7 53.
Rxd7 Kxd7 54. Kd4 Kd6 55. a6 Kc6 56. Ke5 Kb6 57. Kf6 Kxa6 58. h4 Kb5 59. Kg7 1-0

[Event "World Blitz 2025"]
[Site "Doha QAT"]
[Date "2025.12.29"]
[Round "11.82"]
[White "Chanda, Sandipan"]
[Black "Haug, Havard"]
[Result "0-1"]
[WhiteTitle "GM"]
[BlackTitle "FM"]
[WhiteElo "2490"]
[BlackElo "2416"]
[WhiteFideId "5004225"]
[BlackFideId "1547887"]
[EventDate "2025.12.29"]

1. d4 Nf6 2. Nf3 d5 3. e3 c6 4. h3 Bf5 5. g4 Be4 6. Nbd2 Bxf3 7. Nxf3 Nbd7 8.
Bg2 e6 9. Qe2 Bd6 10. c4 Bb4+ 11. Bd2 Bxd2+ 12. Nxd2 h6 13. O-O-O a6 14. Kb1 b5
15. cxd5 cxd5 16. e4 Nb6 17. e5 Nfd7 18. f4 Nc4 19. f5 Qb6 20. Nf3 O-O-O 21. Rc1
Kb8 22. b3 Na3+ 23. Kb2 b4 24. Qd2 Rc8 25. Rxc8+ Rxc8 26. Rc1 Rxc1 27. Qxc1 Nb5
28. Qe3 Nc3 29. Qd3 Qa5 30. a4 bxa3+ 31. Ka1 Qb4 32. Nd2 Nb5 33. Nf3 Nb6 34. f6
g5 35. Bf1 Nc4 36. Qc2 Ne3 37. Qc6 0-1

[Event "World Blitz 2025"]
[Site "Doha QAT"]
[Date "2025.12.29"]
[Round "11.83"]
[White "Kadric, Denis"]
[Black "Ammar, Sedrani"]
[Result "1-0"]
[WhiteTitle "GM"]
[BlackTitle "FM"]
[WhiteElo "2543"]
[BlackElo "2203"]
[WhiteFideId "14403803"]
[BlackFideId "9312331"]
[EventDate "2025.12.29"]

1. e4 c6 2. d4 d5 3. e5 Bf5 4. h4 h5 5. c4 e6 6. Nc3 Nd7 7. cxd5 cxd5 8. Bd3
Bxd3 9. Qxd3 Ne7 10. Bg5 Qb6 11. Nf3 Nc6 12. O-O Be7 13. Bxe7 Nxe7 14. a3 a6 15.
b4 O-O 16. Ne2 Rac8 17. Ng5 g6 18. Ng3 Rc4 19. Rad1 Rfc8 20. Qf3 Rf8 21. Qd3 Nf5
22. Nxf5 exf5 23. Rfe1 Re8 24. e6 fxe6 25. Qg3 Nf8 26. Nf3 Qc7 27. Ne5 Rc3 28.
Re3 Rxe3 29. Qxe3 Kg7 30. Rc1 Qb8 31. Qg5 Qd6 32. Rc3 Qe7 33. Qf4 Kh7 34. Nf3
Rd8 35. Ng5+ Kg8 36. Qe5 Qg7 37. Qxg7+ Kxg7 38. Rc7+ Rd7 39. Nxe6+ Kf6 40. Rxd7
Nxd7 41. Nf4 Nb6 42. Kf1 Kf7 43. Ke2 Nc4 44. a4 Nd6 45. Nxd5 Ne4 46. f3 Nd6 47.
Kd3 Ke6 48. Nf4+ Kf6 49. Ne2 g5 50. hxg5+ Kxg5 51. d5 Kf6 52. Kd4 Nf7 53. Kc5
Ne5 54. Kb6 Nc4+ 55. Kxb7 Ke5 56. Kxa6 Kxd5 57. b5 h4 58. b6 Nd6 59. b7 Nxb7 60.
Kxb7 Kc5 61. Kc7 Kb4 62. Kd6 Kxa4 63. Ke5 Kb3 1-0

[Event "World Blitz 2025"]
[Site "Doha QAT"]
[Date "2025.12.29"]
[Round "11.84"]
[White "Dlugy, Maxim"]
[Black "Sharan, Rao"]
[Result "1-0"]
[WhiteTitle "GM"]
[BlackTitle "IM"]
[WhiteElo "2502"]
[BlackElo "2341"]
[WhiteFideId "2000075"]
[BlackFideId "5073464"]
[EventDate "2025.12.29"]

1. d4 d5 2. Bf4 Nf6 3. e3 e6 4. Nd2 Bd6 5. Bg3 O-O 6. Ngf3 c5 7. c3 Qc7 8. Rc1
Nbd7 9. c4 dxc4 10. Bxc4 Qb8 11. Bd3 cxd4 12. Nxd4 Ne5 13. Bb1 Bd7 14. O-O Rd8
15. Ne4 Nxe4 16. Bxe4 f5 17. Bc2 Nf7 18. Qe2 Bxg3 19. hxg3 Qe5 20. Bb3 Qf6 21.
Rc7 b6 22. Rfc1 h6 23. Qa6 Ng5 24. Rxa7 Rxa7 25. Qxa7 Kh7 26. Qxb6 Ne4 27. a4
Re8 28. a5 Qg5 29. Nf3 Qf6 30. Qd4 Qd8 31. Rd1 Re7 32. Ne5 Nf6 33. Ba4 Qxa5 34.
Bxd7 Ne4 35. Nc6 Rxd7 36. Nxa5 Rxd4 37. Rxd4 1-0

[Event "World Blitz 2025"]
[Site "Doha QAT"]
[Date "2025.12.29"]
[Round "11.109"]
[White "Averin, Nikolay"]
[Black "Saraci, Nderim"]
[Result "1/2-1/2"]
[WhiteTitle "FM"]
[BlackTitle "IM"]
[WhiteElo "2389"]
[BlackElo "2461"]
[WhiteFideId "24250473"]
[BlackFideId "6351921"]
[EventDate "2025.12.29"]

1. e4 c5 2. Nf3 Nc6 3. d4 cxd4 4. Nxd4 Nf6 5. Nc3 g6 6. Nxc6 dxc6 7. Qxd8+ Kxd8
8. Bc4 Ke8 9. Bf4 Bg7 10. f3 Nd7 11. O-O-O Nc5 12. Be3 Be6 13. Bxc5 Bxc4 14. Bd4
e5 15. Be3 f6 16. b3 Be6 17. Na4 Bf8 18. Bc5 Be7 19. Rd3 b6 20. Bxe7 Kxe7 21.
Rhd1 Rac8 22. c4 h5 23. Nc3 g5 24. Kd2 g4 25. Rf1 Rhg8 26. f4 exf4 27. Rxf4 Rcd8
28. Ne2 Rxd3+ 29. Kxd3 Rd8+ 30. Ke3 Rd1 31. Rf2 h4 32. g3 hxg3 33. Nxg3 Re1+ 34.
Kd2 Ra1 35. Kc3 a5 36. Nh5 b5 37. cxb5 cxb5 38. Nxf6 b4+ 39. Kd4 a4 40. bxa4
Bxa2 41. Nxg4 Be6 42. Ne3 Rxa4 43. Ke5 b3 44. Nd5+ Bxd5 45. exd5 Ra2 46. Rf3
Re2+ 47. Kd4 b2 48. Rb3 Rxh2 49. Kc3 Kd6 50. Rxb2 Rxb2 51. Kxb2 Kxd5 1/2-1/2

[Event "World Blitz 2025"]
[Site "Doha QAT"]
[Date "2025.12.29"]
[Round "11.110"]
[White "Rami, Talab"]
[Black "Halkias, Stelios"]
[Result "0-1"]
[BlackTitle "GM"]
[WhiteElo "2173"]
[BlackElo "2503"]
[WhiteFideId "7609787"]
[BlackFideId "4201809"]
[EventDate "2025.12.29"]

1. d4 Nf6 2. Nf3 e6 3. g3 d5 4. Bg2 Be7 5. O-O O-O 6. c4 c6 7. Qc2 b6 8. Nbd2 c5
9. dxc5 bxc5 10. Ne5 Bb7 11. Nb3 Na6 12. Nd3 Rc8 13. Rd1 Nb4 14. Nxb4 cxb4 15.
c5 a5 16. Be3 a4 17. Nd2 Qa5 18. Rac1 Nd7 19. Nc4 Qb5 20. Qd2 Nxc5 21. Ne5 Ba6
22. Re1 Bd6 23. Bd4 Ne4 24. Bxe4 dxe4 25. Ng4 Be7 26. b3 axb3 27. axb3 Qg5 28.
Ne3 h5 29. h4 Qb5 30. Nc4 Rcd8 31. Qb2 f6 32. Ra1 e3 33. Bxe3 Bb7 34. f3 Bc5 35.
Bxc5 Qxc5+ 36. Kg2 Ra8 37. Qd2 Rad8 38. Qb2 Bd5 39. Ra5 Qc7 40. Ne3 Qxa5 41. Nc2
Qc5 42. e4 Bb7 43. Ne3 Rd3 44. Nc4 Rc3 45. f4 Rxc4 46. bxc4 Qxc4 47. Kh2 Bxe4
48. Re2 Bd5 49. f5 exf5 50. Re7 Qf1 0-1

[Event "World Blitz 2025"]
[Site "Doha QAT"]
[Date "2025.12.29"]
[Round "11.111"]
[White "Anwoir, Tarik"]
[Black "Cunha, Lucas Aguiar"]
[Result "1/2-1/2"]
[BlackTitle "FM"]
[WhiteElo "2098"]
[BlackElo "2263"]
[WhiteFideId "9004904"]
[BlackFideId "2125404"]
[EventDate "2025.12.29"]

1. e4 c5 2. Nf3 e6 3. g3 Nc6 4. Bg2 Nf6 5. d3 d5 6. exd5 Nxd5 7. O-O Be7 8. Bd2
O-O 9. Nc3 Bf6 10. Re1 Nxc3 11. Bxc3 Bxc3 12. bxc3 Qc7 13. Qe2 b6 14. Ne5 Bb7
15. Nxc6 Bxc6 16. Bxc6 Qxc6 17. a4 a6 18. c4 Rfd8 19. Qe4 Qc7 20. Qe5 Qc6 21.
Qe4 Qc7 22. Qe5 Qc8 23. Rab1 Qc6 24. Ra1 Rd4 25. Qe2 Rad8 26. a5 b5 27. cxb5
axb5 28. a6 Ra8 29. a7 Rd7 30. Qe5 Qb6 31. Reb1 Rdxa7 32. Rxa7 Rxa7 33. h4 h6
34. Qb2 b4 35. d4 cxd4 36. Qxb4 Qxb4 37. Rxb4 e5 38. Rc4 Ra3 39. Rb4 Rc3 40. Rb2
h5 41. Kf1 Kh7 42. Ke2 Kg6 43. Kd2 Rc7 44. Rb8 Kf5 45. Rg8 f6 46. Ra8 Kg4 47.
Ra3 g5 48. hxg5 fxg5 49. Ra5 Kf5 50. Ra8 h4 51. gxh4 gxh4 52. Rh8 Kg4 53. Rg8+
Kf3 54. Rh8 Kxf2 55. Rxh4 Kg3 56. Re4 Rc5 57. Re1 Kf3 58. Rf1+ Ke4 59. Rf8 Rc6
60. Rf7 Rh6 61. Rf2 Kd5 62. c3 dxc3+ 63. Kxc3 Ke4 64. Kd2 Rd6+ 65. Ke2 Ra6 66.
Rf8 Ra2+ 67. Kd1 Ke3 68. Rh8 Ra1+ 69. Kc2 Rf1 70. Rh3+ Rf3 71. Rh8 e4 72. Ra8
Kf2 73. Re8 Rf4 74. Kd2 Kf3 75. Rh8 e3+ 76. Ke1 Rg4 77. Rh3+ Rg3 78. Rxg3+ 1/2-1/2

[Event "World Blitz 2025"]
[Site "Doha QAT"]
[Date "2025.12.29"]
[Round "11.112"]
[White "Sklokin, Sergey"]
[Black "Sindarov, Islombek"]
[Result "0-1"]
[WhiteTitle "FM"]
[BlackTitle "CM"]
[WhiteElo "2407"]
[BlackElo "2129"]
[WhiteFideId "55730230"]
[BlackFideId "14205475"]
[EventDate "2025.12.29"]

1. e4 g6 2. d4 Bg7 3. Nc3 d6 4. Be3 Nd7 5. Nf3 e5 6. Qd2 Ngf6 7. h3 O-O 8. O-O-O
Qe7 9. dxe5 dxe5 10. Bc4 c6 11. g4 b5 12. Bd3 Nc5 13. g5 Nfd7 14. h4 Nxd3+ 15.
cxd3 Nc5 16. d4 Bg4 17. Nxe5 Bxd1 18. Nxc6 Qe8 19. Rxd1 Nxe4 20. Nxe4 Qxc6+ 21.
Nc5 Rad8 22. d5 Qd6 23. Ne4 Qe5 24. Nf6+ Bxf6 25. gxf6 Qe4 26. b3 a5 27. Kb2 Rc8
28. d6 Rfd8 29. Bb6 Qe5+ 30. Kb1 Qf5+ 31. Qd3 Rxd6 0-1

[Event "World Blitz 2025"]
[Site "Doha QAT"]
[Date "2025.12.29"]
[Round "11.113"]
[White "Ezat, Mohamed"]
[Black "George Samir, David"]
[Result "0-1"]
[WhiteTitle "IM"]
[BlackTitle "IM"]
[WhiteElo "2294"]
[BlackElo "2343"]
[WhiteFideId "10600906"]
[BlackFideId "10657789"]
[EventDate "2025.12.29"]

1. d4 Nf6 2. Nf3 e6 3. e3 c5 4. Bd3 d5 5. b3 cxd4 6. exd4 Nc6 7. O-O Bd6 8. Bb2
O-O 9. Nbd2 Qc7 10. a3 a6 11. Re1 b5 12. Re3 Bf4 13. Re2 Bb7 14. Ne5 Nxe5 15.
dxe5 Ng4 16. Nf3 f6 17. exf6 Bxh2+ 18. Kf1 Nxf6 19. Rxe6 Ne4 20. Bxe4 dxe4 21.
Nxh2 Qxh2 22. Re7 Qh1+ 23. Ke2 Qh5+ 24. Kf1 Qh1+ 25. Ke2 Qh5+ 26. Kf1 Qh1+ 27.
Ke2 Rxf2+ 28. Kxf2 e3+ 29. Rxe3 Qxg2+ 30. Ke1 Qg1+ 31. Kd2 Rd8+ 32. Rd3 Qg5+ 33.
Kc3 Rc8+ 34. Kb4 Qc5+ 35. Ka5 b4+ 36. Ka4 Qb5# 0-1

[Event "World Blitz 2025"]
[Site "Doha QAT"]
[Date "2025.12.29"]
[Round "11.114"]
[White "Alrehaili, Ahmed Abdullah S"]
[Black "Grafl, Florian"]
[Result "1/2-1/2"]
[WhiteTitle "FM"]
[BlackTitle "IM"]
[WhiteElo "2106"]
[BlackElo "2343"]
[WhiteFideId "21518840"]
[BlackFideId "4645715"]
[EventDate "2025.12.29"]

1. e4 d5 2. exd5 Qxd5 3. Nc3 Qd6 4. d4 Nf6 5. Nf3 Nc6 6. Nb5 Qd8 7. Bf4 Nd5 8.
Bg3 a6 9. Na3 Bg4 10. c3 e6 11. Nc4 b5 12. Ncd2 Bd6 13. Bd3 Nce7 14. O-O Nf4 15.
Bc2 O-O 16. Re1 Nf5 17. Re4 Bxf3 18. Qxf3 Nxg3 19. hxg3 Ng6 20. a4 Rb8 21. axb5
axb5 22. Ree1 Be7 23. b4 e5 24. Nb3 exd4 25. Nxd4 Rb6 26. Bxg6 fxg6 27. Qe4 Bf6
28. Ne6 Rxe6 29. Qxe6+ Kh8 30. Rad1 Qb8 31. Rd3 h6 32. Qg4 1/2-1/2

[Event "World Blitz 2025"]
[Site "Doha QAT"]
[Date "2025.12.29"]
[Round "11.115"]
[White "Ashwath Kaushik"]
[Black "Tissir, Mohamed"]
[Result "0-1"]
[WhiteTitle "FM"]
[BlackTitle "IM"]
[WhiteElo "2345"]
[BlackElo "2293"]
[WhiteFideId "33387230"]
[BlackFideId "9000240"]
[EventDate "2025.12.29"]

1. e4 c5 2. Nf3 e6 3. d4 cxd4 4. Nxd4 Nf6 5. Nc3 d6 6. Be3 a6 7. f3 b5 8. Qd2
Bb7 9. O-O-O Nbd7 10. g4 Nb6 11. g5 Nfd7 12. Kb1 Rc8 13. Bd3 Be7 14. h4 b4 15.
Nce2 d5 16. exd5 Nxd5 17. Be4 Qc7 18. Bxd5 Bxd5 19. Nf4 Nb6 20. Nxd5 Nxd5 21.
Rhe1 O-O 22. h5 Rfd8 23. g6 e5 24. gxf7+ Kxf7 25. Qg2 exd4 26. Bxd4 Bf6 27. h6
g6 28. Qe2 Re8 29. Qd3 Rxe1 30. Rxe1 Bxd4 31. Re4 Nc3+ 32. bxc3 Bxc3 33. Qd5+
Kf8 34. Qe6 Rd8 0-1

[Event "World Blitz 2025"]
[Site "Doha QAT"]
[Date "2025.12.29"]
[Round "11.116"]
[White "Muntean, Victor"]
[Black "Alhassadi, Yousef A."]
[Result "1-0"]
[BlackTitle "FM"]
[WhiteElo "2169"]
[BlackElo "2098"]
[WhiteFideId "1054414"]
[BlackFideId "9204725"]
[EventDate "2025.12.29"]

1. e4 c5 2. Bc4 e6 3. Nf3 d5 4. Bb5+ Bd7 5. Bxd7+ Qxd7 6. d3 dxe4 7. dxe4 Qxd1+
8. Kxd1 Nf6 9. Re1 Nc6 10. c3 O-O-O+ 11. Kc2 Be7 12. Bf4 h6 13. Nbd2 g5 14. Bg3
Rhg8 15. Nc4 Nh5 16. Nfe5 Nxe5 17. Nxe5 f6 18. Nf7 Rd7 19. Nxh6 Rgd8 20. Rad1
Rxd1 21. Rxd1 Rxd1 22. Kxd1 Ng7 23. Ng4 f5 24. exf5 exf5 25. Be5 Ne6 26. Ne3 f4
27. Nf5 Bf8 28. Bd6 Bxd6 29. Nxd6+ Kc7 30. Ne4 Kc6 31. c4 g4 32. h4 gxh3 33.
gxh3 Ng7 34. Ke2 Nf5 35. Kf3 Nd4+ 36. Kxf4 1-0

[Event "World Blitz 2025"]
[Site "Doha QAT"]
[Date "2025.12.29"]
[Round "11.117"]
[White "Phuyal, Aashish"]
[Black "Assylov, Miras"]
[Result "0-1"]
[BlackTitle "FM"]
[WhiteElo "1955"]
[BlackElo "2393"]
[WhiteFideId "12312649"]
[BlackFideId "13728873"]
[EventDate "2025.12.29"]

1. e4 c5 2. Nf3 d6 3. c3 Nf6 4. Be2 e6 5. O-O Be7 6. Re1 O-O 7. Bf1 Nc6 8. d4
cxd4 9. cxd4 e5 10. d5 Nb8 11. Nc3 Nbd7 12. a3 h6 13. b4 Nh7 14. Bd3 Ng5 15. Be3
Nxf3+ 16. Qxf3 Bg5 17. Nb5 Nf6 18. Bxg5 hxg5 19. Qe3 a6 20. Nc3 Ng4 21. Qg3 Bd7
22. Rac1 Rc8 23. Rc2 Qf6 24. Rec1 Qh6 25. h3 Nf6 26. Nd1 Rxc2 27. Rxc2 g4 28. h4
Rc8 29. Rxc8+ Bxc8 30. Ne3 Nh5 31. Nxg4 Qc1+ 0-1

[Event "World Blitz 2025"]
[Site "Doha QAT"]
[Date "2025.12.29"]
[Round "11.118"]
[White "Al Mashikhi, Salim Aliyan"]
[Black "Anand, Tsogtbileg"]
[Result "1-0"]
[WhiteTitle "FM"]
[BlackTitle "CM"]
[WhiteElo "1952"]
[BlackElo "1968"]
[WhiteFideId "22000046"]
[BlackFideId "4926552"]
[EventDate "2025.12.29"]

1. c4 e6 2. Nc3 d5 3. cxd5 exd5 4. e3 Nf6 5. Nf3 c6 6. g3 Bd6 7. Bg2 O-O 8. O-O
Re8 9. d4 Nbd7 10. Bd2 h6 11. Rc1 b5 12. Ne2 Bb7 13. Nf4 Ne4 14. Nd3 a5 15. Be1
f6 16. Nh4 Nb6 17. Nf5 Bf8 18. Qg4 Kh7 19. Nc5 Nxc5 20. dxc5 Nc4 21. Nh4 Ne5 22.
Qf5+ Kg8 23. Bc3 Bc8 24. Qc2 b4 25. Bd4 Ba6 26. Rfd1 Qc7 27. f4 Nc4 28. Qf2 Bc8
29. b3 Na3 30. f5 Nb5 31. Bb2 a4 32. Rxd5 cxd5 33. Bxd5+ Be6 34. fxe6 Rad8 35.
Bc4 Kh7 36. Qf5+ Kh8 37. Ng6+ Kh7 38. Nxf8+ Kg8 39. e7+ Kh8 40. Qh7# 1-0